Welcome to the Holygrace Academy Library

Please use search bar below to get started

SPIRIT ANIMALS (Record no. 3612)

MARC details
000 -LEADER
fixed length control field 00338nam a22001457a 4500
020 ## - INTERNATIONAL STANDARD BOOK NUMBER
ISBN 978-93-5103-220-5
082 ## - DEWEY DECIMAL CLASSIFICATION NUMBER
Classification number 823
Item number NIX/B
100 ## - MAIN ENTRY--AUTHOR NAME
Personal name NIX, GARTH
100 ## - MAIN ENTRY--AUTHOR NAME
Personal name WILLIAMS, SEAN
245 ## - TITLE STATEMENT
Title SPIRIT ANIMALS
Remainder of title BLOOD TIES
260 ## - PUBLICATION, DISTRIBUTION, ETC. (IMPRINT)
Place of publication NEW YORK
Name of publisher SCHOLASTIC INC
Year of publication 2014
300 ## - PHYSICAL DESCRIPTION
Number of Pages 186
650 ## - SUBJECT ADDED ENTRY--TOPICAL TERM
Topical Term NOVEL
Geographic subdivision UNITED STATES
942 ## - ADDED ENTRY ELEMENTS (KOHA)
Koha item type Books
Holdings
Withdrawn status Lost status Collection code Home library Current library Shelving location Date acquired Source of acquisition Cost, normal purchase price Full call number Accession Number Koha item type
    Fiction Main Library Main Library SHELF-14-I- ALPHABETICAL N,O --ENGLISH NOVELS & FICTIONS 26/03/2018 purchase 450.00 823 NIX/B 10183 Books
    Fiction Main Library Main Library SHELF-14-I- ALPHABETICAL N,O --ENGLISH NOVELS & FICTIONS 05/10/2015 purchase 450.00 823 NIX/B 03948 Books